000 00639nam a2200229 a 4500
001 nice12345678
003 IN_TiNIC
005 20260116013815.0
008 050524s1957 chia grp 000 0 eng
020 _a
_c245
082 0 0 _a909.0491411
_bUNI
245 _aIntroduction to the Civilization of India
_b Changing Dimensions of Indian So
260 _aChicago
_bUniversity of Chicago Press
_c1957
300 _a472p
500 _aincludes index and biblioraphy
505 2 _aAppendix, References, Index
650 _aCivilization-India
710 2 _aUniversity of Chicago
902 _bSRS
942 _cBK
999 _c12607
_d12607